000 00823nam a22002897a 4500
001 BR0806674
003 BR-BrBNA
005 20230928102736.0
007 ta
008 230509b bl.||||| |||| 00| 0 por d
040 _aBR-BrBNA
_bpor
_cBiblioteca Nacional de Agricultura
041 _a(Por)
072 _aH01
090 _ H01 BR0806674
100 1 _aPires Junior, A.
100 1 _aFerreira, M.A.F.
110 1 _aInstituto de Defesa Agropecuaria do Estado de Mato Grosso, Cuiabá (Brasil)
_95994
245 1 _aAplicação de agrotóxicos com pulverizador costal manual
260 3 _aCuiabá, MT (Brasil):
_c2005.
300 _a63 p.
500 _a68 illus.
650 _aAGROTÓXICO
650 _aPULVERIZADOR
650 _aMÉTODO DE APLICAÇÃO
909 _a202309
_bLucia
_c55
_dLucia Elande
942 _cBK
999 _c72285
_d72285